| 000 | 01117pam a2200313 a 4500 | ||
|---|---|---|---|
| 001 | 4867347 | ||
| 003 | EG-ScBUE | ||
| 005 | 20220321101548.0 | ||
| 008 | 920121s1954 nyu f 000 0 eng d | ||
| 020 | _a9780802144423 | ||
| 040 |
_aDLC _beng _erda _cDLC _dDLC _dEG-ScBUE |
||
| 082 | 0 | 4 |
_a842.914 _222 _bBEC |
| 100 | 1 |
_930571 _aBeckett, Samuel, _d1906-1989, _eauthor. |
|
| 245 | 1 | 0 |
_aWaiting for Godot / _cSamuel Beckett. |
| 264 | 1 |
_aNew York : _bGrove Press, _c1954. |
|
| 300 |
_a85 pages ; _c23 cm |
||
| 336 |
_2rdacontent _atext _btxt |
||
| 337 |
_2rdamedia _aunmediated _bn |
||
| 338 |
_2rdacarrier _avolume _bnc |
||
| 600 | 1 | 7 |
_aBeckett, Samuel, _d1906-1989. _tEn attendant Godot. _2BUEsh _930576 |
| 600 | 1 | 7 |
_aBeckett, Samuel, _d1906-1989. _tFin de partie. _2BUEsh _930577 |
| 650 | 7 |
_930575 _aDrama _zFrench. _2BUEsh |
|
| 651 | _2BUEsh | ||
| 653 |
_cJuly2012 _bGGEN |
||
| 655 |
_vReading book _934232 |
||
| 906 |
_a7 _bcbc _corignew _d1 _eocip _f19 _gy-gencatlg |
||
| 942 |
_2ddc _cBB |
||
| 999 |
_c16865 _d16865 |
||